[Event "CCSCSL Invitational"]
[Site "Saint Louis USA"]
[Date "2011.11.30"]
[Round "2.2"]
[White "Abrahamyan,T"]
[Black "Young,An"]
[Result "1-0"]
[WhiteElo "2264"]
[BlackElo "2350"]

1.e4 d6 2.d4 Nf6 3.Nc3 c6 4.Be3 Qc7 5.f3 e6 6.Qd2 b5 7.g4 a6 8.O-O-O d5 9.g5 Nfd7
10.Kb1 Nb6 11.Qe1 N8d7 12.exd5 cxd5 13.Bd3 Bd6 14.Bc1 Nb8 15.f4 Bxf4 16.Bxf4 Qxf4
17.Nh3 Qg4 18.Qe3 Nc6 19.Ne2 Nc4 20.Bxc4 bxc4 21.Nf2 Qf5 22.Ng3 Qg6 23.h4 e5
24.dxe5 O-O 25.Rxd5 Nb4 26.Rd2 Bb7 27.Rhd1 Qe6 28.Rd6 Qe8 29.a3 Nc6 30.Re1 Bc8
31.Qc5 Na7 32.Qxc4 Nb5 33.Rd3 Rb8 34.Nfe4 Be6 35.Qc5 Rc8 36.Qf2 Qc6 37.Nd6 Rb8
38.Ngf5 Kh8 39.h5 Nxd6 40.Nxd6 Rb6 41.b3 Rfb8 42.Kb2 a5 43.Nxf7+ Kg8 44.Rd8+ Rxd8
45.Nxd8 Qc7 46.Nxe6 Rxe6 47.Qd4 Re8 48.e6 a4 49.Qd7 Qb8 50.h6  1-0

[Event "45th ch-RSA 2011"]
[Site "Cape Town RSA"]
[Date "2011.12.01"]
[Round "7"]
[White "Cawdery,D"]
[Black "Kobese,W"]
[Result "0-1"]
[WhiteElo "2269"]
[BlackElo "2355"]

1.e4 d6 2.d4 Nf6 3.Nc3 e5 4.Nf3 Nbd7 5.Bc4 Be7 6.O-O O-O 7.Re1 a6 8.a4 b6
9.Bg5 c6 10.dxe5 dxe5 11.Nh4 g6 12.Qf3 Ne8 13.Bh6 Nd6 14.Qd3 Nc5 15.Qe2 Bxh4
16.Bxf8 Qxf8 17.Ba2 a5 18.Rad1 Bg5 19.g3 Ne6 20.f4 exf4 21.e5 Nf5 22.Ne4 Be7
23.g4 Ne3 24.Rd2 Qg7  0-1

[Event "25th Belgrade Trophy"]
[Site "Obrenovac SRB"]
[Date "2011.12.01"]
[Round "8.14"]
[White "Zivkovic,Sava"]
[Black "Indjic,A"]
[Result "0-1"]
[WhiteElo "2321"]
[BlackElo "2411"]

1.e4 d6 2.d4 Nf6 3.Nc3 e5 4.Nge2 Be7 5.g3 c6 6.a4 exd4 7.Nxd4 d5 8.e5 Ng4
9.Bf4 g5 10.e6 h5 11.h3 Nxf2 12.Kxf2 gxf4 13.exf7+ Kxf7 14.Qf3 Bd6 15.Nce2 Qf6
16.gxf4 Na6 17.Bg2 Nc5 18.Rhd1 Bd7 19.Kg1 Rag8 20.Kh1 Qh4 21.Kh2 Ne4 22.c4 Rxg2+
23.Qxg2 Rg8 24.Qf3 Bxh3  0-1

[Event "25th Belgrade Trophy"]
[Site "Obrenovac SRB"]
[Date "2011.12.01"]
[Round "8.20"]
[White "Skurikhin,D"]
[Black "Jovanovic,ST"]
[Result "1/2-1/2"]
[WhiteElo "2345"]
[BlackElo "2276"]

1.d4 d6 2.e4 Nf6 3.Nc3 e5 4.Nf3 Nbd7 5.Bc4 Be7 6.a4 O-O 7.a5 a6 8.O-O exd4
9.Qxd4 b5 10.axb6 Nxb6 11.Be2 Bb7 12.Rd1 Qc8 13.Bg5 Re8 14.e5 dxe5  1/2-1/2

[Event "25th Belgrade Trophy"]
[Site "Obrenovac SRB"]
[Date "2011.12.02"]
[Round "9.34"]
[White "Popovic,Mila2"]
[Black "Lazic,L"]
[Result "0-1"]
[WhiteElo "2041"]
[BlackElo "2240"]

1.d4 d6 2.e4 c6 3.Nc3 Nf6 4.Bd3 e5 5.dxe5 dxe5 6.Bg5 Bc5 7.Qe2 Nbd7 8.Nd1 Nf8
9.c3 a5 10.Be3 Qe7 11.Bxc5 Qxc5 12.Ne3 Ng6 13.g3 Be6 14.h4 h6 15.Nf5 O-O
16.h5 Bxf5 17.exf5 e4 18.Bc2 Ne7 19.g4 Ned5 20.O-O-O Rad8 21.Nh3 e3 22.f4 a4
23.a3 Nxc3 24.bxc3 Qxa3+ 25.Kb1 Qxc3 26.Qe1 Rd2 27.Rxd2 exd2 28.Qe5 Qf3 29.Rd1 Re8
30.Ng1 Qxg4 31.Qd4 Re1 32.Qd8+ Kh7 33.Qxd2 Rxg1 34.Bxa4 Rxd1+ 35.Bxd1 Qg1
36.Kb2 Qc5 37.Bc2 b5 38.Bb3 Qe7 39.Qd3 Kg8 40.Bc2 Nxh5 41.Qf3 Nf6 42.Qxc6  0-1

[Event "34th ch-GRE w"]
[Site "Athens GRE"]
[Date "2011.12.03"]
[Round "8"]
[White "Markantonaki,H"]
[Black "Pambalou,F"]
[Result "1/2-1/2"]
[WhiteElo "2128"]
[BlackElo "2104"]

1.e4 d6 2.d4 Nf6 3.Nc3 e5 4.Nf3 Nbd7 5.Bc4 Be7 6.O-O O-O 7.Re1 a6 8.a4 b6
9.b3 c6 10.d5 c5 11.h3 h6 12.Nh4 Re8 13.Nf5 Nf8 14.Qf3 Ng6 15.g3 Bd7 16.Bd2 Nf8
17.Bf1 N8h7 18.h4 Bf8 19.Kh2 h5 20.Bh3 g6 21.Ne3 Bh6 22.Bxd7 Qxd7 23.Nc4 Bxd2
24.Nxd2 Kg7 25.Nc4 Qc7 26.Ne3 Qd7 27.Kg2 Rh8 28.Qe2 Rhe8 29.Qd3 Qe7 30.Rab1 Nd7
31.Qc4 Nhf6 32.b4 Rec8 33.b5 a5  1/2-1/2

[Event "TCh-AUT 2 Mitte 2011-12"]
[Site "Graz AUT"]
[Date "2011.12.03"]
[Round "5"]
[White "Moser,E"]
[Black "Supancic,D"]
[Result "1/2-1/2"]
[WhiteElo "2432"]
[BlackElo "2368"]

1.e4 d6 2.d4 Nf6 3.Nc3 e5 4.Nf3 Nbd7 5.Bc4 Be7 6.O-O O-O 7.a4 c6 8.Re1 b6
9.d5 cxd5 10.Nxd5 Nxd5 11.Bxd5 Rb8 12.Qd3 Nc5 13.Qa3 Be6 14.Qa2 Qc8 15.Bd2 a5
16.Bg5 Bxg5 17.Nxg5 Bxd5 18.Qxd5 h6 19.Nf3 Rd8 20.Ra3 Qe6 21.Qxe6 fxe6 22.b3 Kf7
23.Raa1 Ke7 24.Nd2 Rdc8 25.h4 Nd7 26.c4 Nc5 27.Re3 Rf8 28.Rae1 Rf4 29.g3 Rf6
30.Kg2 Rbf8  1/2-1/2

[Event "London Classic Women's Invitational"]
[Site "London ENG"]
[Date "2011.12.03"]
[Round "1"]
[White "Steil Antoni,F"]
[Black "Srebrnic,A"]
[Result "1/2-1/2"]
[WhiteElo "2104"]
[BlackElo "2219"]

1.e4 d6 2.Nc3 e5 3.d4 Nf6 4.dxe5 dxe5 5.Qxd8+ Kxd8 6.Bc4 Ke8 7.f3 c6 8.Be3 Nbd7
9.Nh3 Bc5 10.Bxc5 Nxc5 11.Nf2 Be6 12.Bxe6 Nxe6 13.Nd3 Nd7 14.O-O-O Ke7 15.Ne2 f6
16.c3 a5 17.Rd2 a4 18.Rhd1 Nb6 19.Ng3 g6 20.Nf1 Nc4 21.Re2 Rhd8 22.Ne3 Nxe3
23.Rxe3 h5 24.Ne1 h4 25.Rxd8 Rxd8 26.Rd3 Rh8 27.Nc2 Nf4  1/2-1/2

[Event "London Classic FIDE Open"]
[Site "London ENG"]
[Date "2011.12.03"]
[Round "1"]
[White "Wallace,P"]
[Black "Torner Planell,Jor"]
[Result "1-0"]
[WhiteElo "2229"]
[BlackElo "1917"]

1.e4 d6 2.d4 Nf6 3.Nc3 e5 4.dxe5 dxe5 5.Qxd8+ Kxd8 6.Bg5 Be6 7.O-O-O+ Nd7
8.f4 exf4 9.Nge2 Kc8 10.Nxf4 Bg4 11.Be2 Bxe2 12.Nfxe2 Bc5 13.Rhf1 Rf8 14.h3 a6
15.Ng3 h6 16.Bf4 Re8 17.Nf5 Bf8 18.Rde1 Nh5 19.Bd2 Ne5 20.Nd5 Nc4 21.Bc3 g6
22.Nfe3 Nxe3 23.Rxe3 Bc5 24.Rd3 c6 25.Nf4 Nxf4 26.Rxf4 Re7 27.b4 Bg1 28.Rdf3 Kc7
29.Rxf7 Re8 30.a4 c5 31.Kd2 Rd8+ 32.Ke2 Rdd7 33.Rxe7 Rxe7 34.Kd3 Rd7+ 35.Kc4 Re7
36.e5 b6 37.Rf6 cxb4 38.Kxb4 Bc5+ 39.Kc4 Be3 40.Rxg6 Rh7 41.Kd5 Rd7+ 42.Rd6 Rg7
43.Rc6+ Kb7 44.g4 Rd7+ 45.Rd6 Rg7 46.e6 Bc5 47.Bxg7  1-0

[Event "XXXII Crespi Memorial"]
[Site "Milan ITA"]
[Date "2011.12.03"]
[Round "1"]
[White "Astengo,C"]
[Black "Lazic,Mir"]
[Result "0-1"]
[WhiteElo "2095"]
[BlackElo "2459"]

1.e4 d6 2.d4 Nf6 3.Nc3 e5 4.dxe5 dxe5 5.Qxd8+ Kxd8 6.Bc4 Ke8 7.Nf3 Bd6 8.h3 a6
9.Bg5 Nbd7 10.a4 h6 11.Bxf6 Nxf6 12.O-O Be6 13.Bxe6 fxe6 14.Rad1 Ke7 15.Rd3 Rhb8
16.a5 Rd8 17.Rfd1 Bb4 18.Nxe5 Bxa5 19.Ne2 Nxe4 20.Rd7+ Ke8 21.R1d4 Rxd7 22.Rxd7 g5
23.Nd4 Rd8 24.Rxd8+ Kxd8 25.Ndc6+ bxc6 26.Nxc6+ Kd7 27.Nxa5 Kd6 28.Kf1 Kd5
29.Ke2 c5 30.Ke3 Nd6 31.b3 c4 32.b4 h5 33.g4 hxg4 34.hxg4 e5 35.f3 e4 36.fxe4+ Nxe4
37.Nc6 Nf6 38.Nb8 Nxg4+ 39.Ke2 Kd4 40.Nxa6 Ne5 41.b5 Nd7 42.Kf3 Kc3 43.Kg4 Kxc2
44.Nb4+ Kb3 45.Nd5 Nb6 46.Ne3 c3 47.Kxg5 Nd5 48.Nf5 Kc4 49.Ne3+ Kc5 50.Nc2 Kxb5
51.Kf5 Nb4 52.Ne1 Kc4 53.Ke4 Kb3 54.Kf3 Kb2 55.Ke2 Kc1 56.Ng2 Nc2 57.Nf4 Kb2
58.Nd3+ Kb1 59.Kd1 Ne3+ 60.Ke2 Nc4 61.Nb4 Ne5 62.Nd5 c2 63.Nc3+ Kb2 64.Nd1+ Kb3
65.Kd2 Nd3  0-1

[Event "CCSCSL Invitational"]
[Site "Saint Louis USA"]
[Date "2011.12.03"]
[Round "9.3"]
[White "Young,An"]
[Black "Krush,I"]
[Result "1/2-1/2"]
[WhiteElo "2350"]
[BlackElo "2476"]

1.d4 d6 2.e4 Nf6 3.Nc3 Nbd7 4.f4 e5 5.Nf3 exd4 6.Qxd4 Nc5 7.Be3 Be7 8.O-O-O O-O
9.h3 b6 10.b4 Ne6 11.Qc4 Re8 12.f5 Nf8 13.Ng5 d5 14.Nxd5 Nxd5 15.Nxf7 Be6
16.Nxd8 Nxe3 17.Nxe6 Nxc4 18.Bxc4 Nxe6 19.Bxe6+ Kf8 20.c3 Rad8 21.Kc2 Bf6
22.Rhe1 Rxd1 23.Rxd1 Rd8 24.Rxd8+ Bxd8 25.e5 Bh4 26.Kd3 Bg3 27.Ke4 Be1 28.b5 Bxc3
29.g4 h6 30.Bb3 Ke7 31.Bg8 Be1 32.Kd5 Bg3 33.Bh7 Kf7 34.a4 Ke7 35.Bg6 Bf2
36.Bh5 Bg3 37.Bg6 Bf2 38.Kc6 Bg3 39.Kxc7 Bxe5+ 40.Kb7 Bc3 41.Kxa7 Ba5 42.h4 Kf6
43.Bh7 Kf7 44.Kb7 Kf6 45.Kc6 Ke7 46.g5 hxg5 47.hxg5 Kf7 48.Bg6+ Ke7 49.Bh5 Kf8
50.Bd1 Kf7 51.Bc2 Ke7 52.Bb3 Kf8 53.Kc7 Ke7 54.Bd5 Kf8 55.Kc6 Ke7 56.Ba2 Kf8
57.Bc4 Ke7 58.Bb3 Kf8 59.Kd7 Bd2 60.g6 Bc3 61.Ke6 Ba5 62.Kd7 Bc3 63.Be6 Ba5
64.Bf7 Bc3 65.Ke6 Ba5 66.Kd6 Bc3 67.Bb3 Ba5 68.Ke6 Bc3 69.Bc2 Ba5 70.f6 gxf6
71.Kxf6 Bc3+ 72.Ke6 Kg7  1/2-1/2

[Event "Ascona Gp B"]
[Site "Ascona SUI"]
[Date "2011.12.04"]
[Round "1.4"]
[White "Joksic,S"]
[Black "Paleologu,V"]
[Result "1-0"]
[WhiteElo "2255"]
[BlackElo "2174"]

1.e4 d6 2.d4 Nf6 3.Nc3 Nbd7 4.Be3 c6 5.g4 Qa5 6.f3 e5 7.Ne2 h6 8.a3 b5 9.b4 Qc7
10.d5 Bb7 11.dxc6 Qxc6 12.Qd3 a6 13.a4 bxa4 14.Rxa4 d5 15.exd5 Nxd5 16.Qxd5 Qxd5
17.Nxd5 Bxd5 18.Nc3 Bxf3 19.Rg1 Rc8 20.Kd2 Bc6 21.b5 axb5 22.Nxb5 Be7 23.Rc4 O-O
24.Na7 Bb7 25.Nxc8 Bxc8 26.Bd3 Rd8 27.Kc1 Ba3+ 28.Kb1 Bb7 29.Ra4 Bd6 30.Be4 Nc5
31.Bxc5 Bxc5 32.Re1 Rb8 33.Bxb7 Rxb7+ 34.Ka2 Bd4 35.Rb1 Rc7 36.c4 g6 37.Rb5 f5
38.gxf5 gxf5 39.Rab4 f4 40.Rb8+ Kg7 41.R4b7 Rxb7 42.Rxb7+ Kf6 43.Rb8 e4 44.Kb3 f3
45.Kc2 Kg5 46.Rf8 Kg4 47.Kd1 e3 48.Rg8+ Kf4 49.Rf8+ Ke4 50.Kc2 h5 51.Re8+ Be5
52.Kd1 Kf4 53.Rf8+ Ke4 54.Re8 Kf4 55.c5 Bc3 56.c6 Ba5 57.Re7 Kg4 58.Rxe3 h4
59.Re7 Kh3 60.c7 Bxc7 61.Rxc7 Kxh2 62.Ke1 Kg2 63.Rg7+ Kh1 64.Kf2 h3 65.Ra7 Kh2
66.Ra2 Kh1 67.Kg3  1-0

[Event "TCh-AUT 2 Mitte 2011-12"]
[Site "Graz AUT"]
[Date "2011.12.04"]
[Round "6"]
[White "Rabiega,R"]
[Black "Poetz,F"]
[Result "1/2-1/2"]
[WhiteElo "2501"]
[BlackElo "2412"]

1.e4 d6 2.d4 Nf6 3.Nc3 c6 4.h3 b5 5.Bd3 e5 6.Nf3 Nbd7 7.O-O Bb7 8.Ne2 a6
9.c3 g6 10.Ng3 Bg7 11.Be3 O-O 12.Qd2 Re8 13.Bh6 d5 14.Bxg7 Kxg7 15.dxe5 Nxe4
16.Bxe4 dxe4 17.Nxe4 Nxe5 18.Nd6 Re6 19.Rad1 Nxf3+ 20.gxf3 Qe7 21.Rfe1 Bc8
22.Qd4+ Kg8 23.Rxe6 Qg5+ 24.Kh2 Bxe6 25.Ne4 Qf5 26.Nf6+ Kg7 27.Ne8+ Kf8 28.Nc7 Qxh3+
29.Kg1 Rc8 30.Re1 Rxc7 31.Qd8+ Kg7 32.Qxc7 Qxf3 33.Qe5+ Kg8 34.Qb8+ Kg7 35.Qe5+ Kg8
36.Qb8+ Kg7 37.Qe5+  1/2-1/2

[Event "London Classic FIDE Open"]
[Site "London ENG"]
[Date "2011.12.04"]
[Round "2"]
[White "Andreev,Pete"]
[Black "Prosviriakov,V"]
[Result "1/2-1/2"]
[WhiteElo "1914"]
[BlackElo "2274"]

1.d4 d6 2.e4 Nf6 3.Nc3 c6 4.Nf3 Bg4 5.Be2 Nbd7 6.O-O e5 7.a4 a5 8.b3 Be7
9.Bb2 O-O 10.Qd3 Nh5 11.h3 Nf4 12.Qd2 Nxe2+ 13.Nxe2 Bxf3 14.gxf3 Bg5 15.Qd3 Qf6
16.Rad1 Qh6 17.dxe5 Nxe5 18.Qxd6 Nxf3+ 19.Kg2 Nh4+ 20.Kh2 Qh5 21.Ng1 Nf3+
22.Nxf3 Qxf3 23.Qd3 Bf4+ 24.Kg1 Qh5 25.Kg2 Rae8 26.Ba3 Qg5+ 27.Kh1 Rd8 28.Qf3 Rfe8
29.Bb2 Be5 30.Bxe5 Qxe5 31.Qg2 Rd4 32.Rxd4 Qxd4 33.f3 Rd8 34.Qg5 Qd2 35.Rg1 Qxg5
36.Rxg5 b6 37.Kh2 f6 38.Rg2 Kf7 39.h4 g6 40.Kg3 Rd1 41.Kg4 b5 42.axb5 cxb5
43.c3 Rc1 44.Ra2 Rxc3 45.Rxa5 Rxb3 46.Ra7+ Ke6 47.Rxh7 Rb1 48.Rb7 b4 49.h5 gxh5+
50.Kxh5 b3 51.Kg4 Ke5 52.Rb4 Rg1+ 53.Kh5 Rh1+ 54.Kg4  1/2-1/2

[Event "Ascona Gp A"]
[Site "Ascona SUI"]
[Date "2011.12.05"]
[Round "2.4"]
[White "Botta,Ga"]
[Black "Strikovic,A"]
[Result "1/2-1/2"]
[WhiteElo "2303"]
[BlackElo "2564"]

1.e4 d6 2.d4 Nf6 3.Nc3 e5 4.Nf3 Nbd7 5.Bc4 Be7 6.O-O Nb6 7.Be2 exd4 8.Nxd4 O-O
9.Bf4 c6 10.Qd3 d5 11.e5 Ne8 12.Rad1 g6 13.Qg3 Ng7 14.Bh6 f6 15.Bxg7 Kxg7
16.exf6+ Bxf6 17.Bg4 Re8 18.Bxc8 Qxc8 19.b3 Qd7 20.a4 Nc8 21.Qf3 Nd6 22.Rfe1 Qg4
23.Nce2 Qe4 24.Qxe4 Rxe4 25.Nf3 Nf5 26.Kf1 a6 27.Ng3 Nxg3+ 28.hxg3 Rxe1+
29.Rxe1 b5 30.Re6 bxa4 31.bxa4 Rc8 32.Ne5 Bxe5 33.Rxe5 Kf6 34.Re3 c5 35.Rb3 Rc6
36.Rb7 h5 37.Ke2 Ke5 38.c3 d4 39.c4 Kd6 40.Rg7 Ke5 41.Rb7 Kd6  1/2-1/2

[Event "London Classic Women's Invitational"]
[Site "London ENG"]
[Date "2011.12.05"]
[Round "3"]
[White "Lalic,S"]
[Black "Srebrnic,A"]
[Result "1/2-1/2"]
[WhiteElo "2279"]
[BlackElo "2219"]

1.e4 d6 2.d4 Nf6 3.Nc3 e5 4.dxe5 dxe5 5.Qxd8+ Kxd8 6.Bg5 Be6 7.O-O-O+ Nd7
8.f4 exf4 9.Nf3 Kc8 10.Bxf4 Bc5 11.h3 Nh5 12.Bh2 Be3+ 13.Kb1 Bf4 14.g4 Bxh2
15.Rxh2 Nf4 16.Rhd2 c6 17.e5  1/2-1/2

[Event "XXXII Crespi Memorial"]
[Site "Milano ITA"]
[Date "2011.12.05"]
[Round "3"]
[White "Jobava,Ba"]
[Black "Lazic,Mir"]
[Result "1-0"]
[WhiteElo "2678"]
[BlackElo "2459"]

1.d4 d6 2.e4 Nf6 3.Nc3 e5 4.dxe5 dxe5 5.Qxd8+ Kxd8 6.Bg5 c6 7.f4 exf4 8.e5 h6
9.Bxf4 Nfd7 10.Bc4 Ke8 11.e6 fxe6 12.Bxe6 Nb6 13.Bxc8 Nxc8 14.O-O-O Nb6 15.Nf3 N8d7
16.Ne4 Kf7 17.c4 Re8 18.Rhe1 Bb4 19.Bd2 Bxd2+ 20.Kxd2 Nc8 21.Kc2 Nf6 22.Nc5 b6
23.Nd3 Ne7 24.Nde5+ Kg8 25.Nd7 Nh5 26.Rd4  1-0

[Event "Ascona Gp A"]
[Site "Ascona SUI"]
[Date "2011.12.06"]
[Round "4.5"]
[White "Lund,E"]
[Black "Strikovic,A"]
[Result "0-1"]
[WhiteElo "2398"]
[BlackElo "2564"]

1.d4 d6 2.e4 Nf6 3.Nc3 e5 4.dxe5 dxe5 5.Qxd8+ Kxd8 6.Bg5 c6 7.O-O-O+ Nd7
8.Nf3 Ke8 9.Bc4 Be7 10.Bh4 Ng4 11.Bg3 f6 12.Nh4 g6 13.Rhe1 Nh6 14.Rd2 Nf7
15.Red1 Ng5 16.f4 exf4 17.Bxf4 Ne5 18.Bb3 Bg4 19.Rf1 Rd8 20.h3 Bc8 21.Rxd8+ Bxd8
22.Be3 b6 23.a4 a6 24.Bxg5 fxg5 25.Nf3 Rf8 26.Nd2 Rxf1+ 27.Nxf1 g4 28.hxg4 Bg5+
29.Kd1 Bxg4+ 30.Ne2 h5 31.Nh2 Bd7 32.Nd4 Bf6 33.Be6 c5 34.Bxd7+ Kxd7 35.Ndf3 Nc4
36.b3 Ne3+ 37.Kd2 Nxg2 38.e5 Bd8 39.Kd3 g5 40.Ke4 Ke6 41.Nd2 g4 42.Nc4 Bc7  0-1

[Event "Ascona Gp A"]
[Site "Ascona SUI"]
[Date "2011.12.06"]
[Round "4.1"]
[White "Ninov,N"]
[Black "Foisor,C"]
[Result "1-0"]
[WhiteElo "2508"]
[BlackElo "2418"]

1.e4 d6 2.d4 Nf6 3.Nc3 e5 4.Nf3 Nbd7 5.a4 Be7 6.a5 O-O 7.Bc4 c6 8.O-O Rb8
9.Qe2 b5 10.axb6 axb6 11.d5 Bb7 12.Ra7 b5 13.dxc6 Bxc6 14.Bd5 Bxd5 15.Nxd5 Nxd5
16.exd5 Re8 17.Rd1 Nf6 18.Ne1 Qc8 19.c3 Bd8 20.Nc2 Bb6 21.Ra1 Qg4 22.Qxg4 Nxg4
23.Ne3 Bxe3 24.Bxe3 Ra8 25.Ba7 f5 26.Ra5 Nf6 27.Rda1 Re7 28.Be3 Rxa5 29.Rxa5 Rb7
30.Ra6 Nxd5 31.Rxd6 Nxe3 32.fxe3 Kf7 33.Kf2 Ke7 34.Rc6 Kd7 35.Ra6 Ke7 36.g3 Rd7
37.Ke2 Rb7 38.e4 f4 39.gxf4 exf4 40.Kf3 g5 41.Rh6 Kf8 42.h4 gxh4 43.Kxf4 b4
44.c4 b3 45.Ke3 Rg7 46.Rxh4 Rg2 47.Rxh7 Rxb2 48.Rb7 Rh2 49.Kd4 b2 50.Kc3 Re2
51.Rxb2 Rxe4 52.Kb4 Ke7 53.Rd2 Re1 54.Kb5 Rb1+ 55.Kc6 Rb3 56.c5 Rc3 57.Kb6 Rb3+
58.Kc7 Ke6 59.c6 Rc3 60.Kb7 Rb3+ 61.Kc8 Ke7 62.c7  1-0

[Event "2nd JAHV McGregor Open"]
[Site "Bogota COL"]
[Date "2011.12.06"]
[Round "1"]
[White "Zapata,Alo"]
[Black "Aguilar,Hernando"]
[Result "1-0"]
[WhiteElo "2483"]
[BlackElo "1865"]

1.e4 d6 2.d4 Nf6 3.Nc3 e5 4.dxe5 dxe5 5.Qxd8+ Kxd8 6.Bg5 c6 7.Nf3 Bd6 8.Bh4 Bg4
9.Ng5 Ke7 10.f3 Be6 11.O-O-O Nbd7 12.Nxe6 Kxe6 13.Bc4+ Ke7 14.Bxf7 Bb4 15.Bb3 b5
16.Ne2 a5 17.a3 Bc5 18.Ng3 Rhb8 19.Nf5+ Kf8 20.Rd3 g6 21.Be6 gxf5 22.Bxd7 fxe4
23.fxe4 Nxd7 24.Rxd7 Ra7 25.Rf1+ Kg8 26.Rxa7 Bxa7 27.Rf5 Re8 28.Bg3 Bb8 29.Rf6 Rc8
30.Kd2 Rd8+ 31.Ke2 Rd6 32.Rf5 Re6 33.h4 Kg7 34.Be1 a4 35.g4 h6 36.Bb4 Kg6
37.b3 Rf6 38.bxa4 bxa4 39.Kd3 Rxf5 40.exf5+ Kf6 41.Ke4  1-0

[Event "FSGM December 2011"]
[Site "Budapest HUN"]
[Date "2011.12.06"]
[Round "4"]
[White "Simonian,H"]
[Black "Keschitz,G"]
[Result "1-0"]
[WhiteElo "2468"]
[BlackElo "2315"]

1.e4 d6 2.d4 Nf6 3.Nc3 e5 4.Nf3 Nbd7 5.Bc4 Be7 6.O-O O-O 7.a4 a5 8.b3 c6
9.Bb2 Qc7 10.Bd3 Re8 11.Ne2 exd4 12.Nfxd4 Nc5 13.Ng3 Bf8 14.f3 d5 15.Kh1 dxe4
16.fxe4 Ng4 17.Qf3 Ne5 18.Qe3 Nexd3 19.cxd3 f6 20.Ba3 Qf7 21.Ndf5 Nxb3 22.Bxf8 Rxf8
23.Rab1 Bxf5 24.Nxf5 b5 25.axb5 cxb5 26.Qg3 Kh8 27.Rxb3 g6 28.Rxb5 gxf5 29.Rbxf5 a4
30.Qd6 Rfd8 31.Qa3 Qf8 32.Qa1 a3 33.Rxf6 Qg7 34.h4 a2 35.h5 Kg8 36.R6f2 Qa7
37.h6 Rd6 38.Rf8+ Rxf8 39.Qh8+  1-0

[Event "Ascona Gp B"]
[Site "Ascona SUI"]
[Date "2011.12.08"]
[Round "8.3"]
[White "Duport,N SUI"]
[Black "Paleologu,V"]
[Result "0-1"]
[WhiteElo "2193"]
[BlackElo "2174"]

1.e4 d6 2.d4 Nf6 3.Nc3 Nbd7 4.f4 e5 5.Nf3 exd4 6.Qxd4 c6 7.Bd2 Qb6 8.O-O-O Be7
9.Qc4 O-O 10.e5 d5 11.Qe2 Ng4 12.Kb1 Qf2 13.Re1 Qxe2 14.Bxe2 Nc5 15.Rhf1 Ne4
16.Nxe4 dxe4 17.Nd4 Nxh2 18.Rh1 Ng4 19.e6 Nf6 20.Bc4 Bxe6 21.Nxe6 fxe6 22.Bxe6+ Kh8
23.f5 Ng4 24.Rh3 Rad8 25.Bf4 h6 26.Rb3 b6 27.a4 Rd4 28.Rg3 Bh4 29.Rxg4 Bxe1
30.Be5 Rd1+ 31.Ka2 Rf6 32.Bxf6 gxf6 33.Rxe4 Bg3 34.Rg4 Be5 35.Rg8+ Kh7 36.Ra8 a5
37.Ra7+ Kh8 38.Rb7 Rd2 39.Kb3 Rxg2 40.Rxb6 h5 41.Rxc6 Rg3+ 42.c3 h4 43.Rc4 h3
44.Rh4+ Kg7 45.Kc4 h2 46.Bd5 Kf8 47.Kb5 Rd3 48.Bc6 Rd2 49.b4 Bxc3 50.Kxa5 Ke7
51.Kb6 Kd6 52.a5 Bd4+ 53.Kb7 Bg1 54.a6 Re2 55.Rh8 Ra2 56.b5 Ra1 57.Rh3 Ra5
58.Rh7 Ra1 59.Rh3 Ke5 60.Rh5 Kd6 61.Rh3 Ke5 62.Rh5 Kd6 63.Kc8 Ra5 64.Rh3 Ra1
65.Rh7 Ke5 66.Kb8 Ra5 67.Kc7 Kxf5 68.Bb7 Kg6 69.Rh3 Rxb5 70.Kc8 Ra5 71.Kb8 f5
72.Kc7 f4 73.Kd6 Kg5 74.Rh8 Kg4 75.Rg8+ Rg5 76.Bc8+ Kh4 77.Rh8+ Rh5 78.Rxh5+ Kxh5
79.Bb7 Kg4 80.Bh1 f3 81.Ke5 Ba7  0-1

[Event "80th Anniversary Mollet IM"]
[Site "Mollet del Valles ESP"]
[Date "2011.12.08"]
[Round "2"]
[White "Cruz,Jon"]
[Black "Amores Gago,Javier"]
[Result "1-0"]
[WhiteElo "2386"]
[BlackElo "2062"]

1.d4 d6 2.e4 Nf6 3.Nc3 c6 4.g3 Qc7 5.Bg2 e5 6.Nge2 Be7 7.O-O b5 8.a3 a6 9.h3 Nbd7
10.f4 Bb7 11.Be3 h6 12.Qd2 O-O-O 13.d5 c5 14.a4 b4 15.Nd1 a5 16.c3 exf4 17.gxf4 Rdg8
18.cxb4 axb4 19.Ng3 Bf8 20.b3 Ba6 21.Re1 g5 22.fxg5 hxg5 23.Bxg5 Bh6 24.Bxh6 Rxg3
25.Bf4 Rxb3 26.Ne3 Rd3 27.Qb2 Rh4 28.Bg5 Rxe4 29.Bxe4 Nxe4 30.Qh8+ Kb7 31.Bd8 Qb8
32.Nf5 Ng5 33.Re7 Nxh3+ 34.Kh2 Nf4 35.Rxd7+ Ka8 36.Ne7 Bb7 37.Rxb7 Kxb7 38.Qe8 Rh3+
39.Kg1 Ne2+ 40.Kf1 Nd4 41.Qd7+  1-0

[Event "80th Anniversary Mollet IM"]
[Site "Mollet del Valles ESP"]
[Date "2011.12.08"]
[Round "3"]
[White "Colon Garcia,E"]
[Black "Rojas Keim,L"]
[Result "0-1"]
[WhiteElo "2301"]
[BlackElo "2397"]

1.e4 d6 2.d4 Nf6 3.Nc3 e5 4.Nf3 exd4 5.Nxd4 Be7 6.g3 O-O 7.Bg2 Bg4 8.Nde2 Qc8
9.h3 Be6 10.Nf4 Bc4 11.Be3 Nc6 12.Qd2 Ne5 13.b3 Be6 14.Nxe6 fxe6 15.f4 Ng6
16.O-O-O c6 17.Qe2 d5 18.e5 Nd7 19.h4 Bb4 20.Nb1 Ne7 21.Nd2 Nf5 22.Bf2 Qc7
23.Kb1 Qa5 24.Nc4 Qa6 25.Qf3 Nc5 26.c3 Ne4 27.cxb4 Nxf2 28.Qxf2 dxc4 29.Bf1 b5
30.bxc4 Qa4 31.Rd2 Rfd8 32.Bd3 bxc4 33.Bxf5 exf5 34.Rc1 Qxb4+ 35.Rb2 Qa3
36.Rxc4 Rd1+ 37.Rc1 Qd3+ 38.Qc2 Rxc1+ 39.Kxc1 Qxg3 40.Qb3+ Qxb3 41.Rxb3 Rd8
42.Rb4 Kf7 43.h5 Ke6 44.Kc2 g6 45.hxg6 hxg6 46.Rc4 Kd5 47.Kc3 c5 48.Ra4 Rh8
49.Rxa7 Rh3+ 50.Kd2 Rf3 51.Rd7+ Kc4 52.Ra7 Kb5 53.Rb7+ Kc6 54.Rg7 Rxf4 55.Rxg6+ Kd5
56.Ra6 Kxe5 57.a4 Kd4 58.Ra8 Rf2+ 59.Ke1 Ra2 60.a5 Kc3 61.a6 c4 62.a7 f4
63.Rf8 Rxa7 64.Rxf4 Rd7 65.Ke2 Kb3 66.Rf8 c3 67.Rb8+ Kc2 68.Rc8 Re7+ 69.Kf2 Kd2
70.Rd8+ Kc1 71.Kf1 c2 72.Kf2 Rb7 73.Ke2 Kb1  0-1

[Event "71st ch-ITA 2011"]
[Site "Perugia ITA"]
[Date "2011.12.08"]
[Round "8"]
[White "Codenotti,M"]
[Black "Mogranzini,R"]
[Result "1/2-1/2"]
[WhiteElo "2293"]
[BlackElo "2469"]

1.e4 d6 2.d4 Nf6 3.Nc3 e5 4.Nf3 Nbd7 5.Bc4 Be7 6.O-O O-O 7.Re1 c6 8.a4 a5
9.h3 Nb6 10.Ba2 Nfd7 11.Be3 exd4 12.Bxd4 Nc5 13.Bxc5 dxc5 14.Qe2 Qd6 15.Qe3 Qc7
16.e5 c4 17.Nd2 Nd5 18.Nxd5 cxd5 19.Nf3 Bc5 20.Qd2 Rd8 21.c3 Qb6 22.Nd4 Bxd4
23.Qxd4 Qxd4 24.cxd4 b5 25.axb5 Rb8 26.b3 cxb3 27.Bxb3 Rxb5 28.Ba4 Rb4 29.Bc2 Rxd4
30.Rxa5 Be6 31.Rd1 Rxd1+ 32.Bxd1 g5 33.Bg4 Bxg4  1/2-1/2

[Event "2nd JAHV McGregor Open"]
[Site "Bogota COL"]
[Date "2011.12.09"]
[Round "7"]
[White "Hernandez,Ja"]
[Black "Lopez Flores,D"]
[Result "1-0"]
[WhiteElo "2265"]
[BlackElo "1738"]

1.e4 d6 2.d4 Nf6 3.Nc3 c6 4.Be3 Qc7 5.f3 Nbd7 6.Qd2 e5 7.Nge2 Be7 8.a4 a6
9.g3 Rb8 10.a5 O-O 11.Bg2 Re8 12.O-O d5 13.exd5 Bb4 14.dxe5 Nxd5 15.Bd4 Nxc3
16.Nxc3 Nxe5 17.Rfe1 Re7 18.Qf4 Bd6 19.Bb6 Qd7 20.Rad1 f5 21.Kf2 Nf7 22.Rxd6 Nxd6
23.Rxe7 Qxe7 24.Bc5 Qf7 25.Qxd6  1-0

[Event "Ascona Open"]
[Site "Ascona SUI"]
[Date "2011.12.10"]
[Round "3.6"]
[White "Scheidegger,U"]
[Black "Paleologu,V"]
[Result "0-1"]
[WhiteElo "1949"]
[BlackElo "2174"]

1.e4 d6 2.d4 Nf6 3.Nc3 Nbd7 4.Nf3 e5 5.dxe5 dxe5 6.Bc4 Bb4 7.O-O c6 8.Bg5 h6
9.Bh4 Qe7 10.Re1 Qc5 11.Bb3 O-O 12.Re3 Qe7 13.h3 Re8 14.Qe2 Nf8 15.Rd1 Ng6
16.Bg3 Nh5 17.Nxe5 Nxg3 18.Bxf7+ Qxf7  0-1

[Event "Arab Games Blitz Men"]
[Site "Doha QAT"]
[Date "2011.12.10"]
[Round "4"]
[White "El Jawich,A"]
[Black "Goutali,T"]
[Result "0-1"]
[WhiteElo "2139"]
[BlackElo "2327"]

1.e4 d6 2.d4 Nf6 3.Nc3 Nbd7 4.Nf3 e5 5.g4 h6 6.Rg1 c6 7.Be3 b5 8.a3 Qc7 9.Qd2 Nb6
10.h3 Be7 11.Be2 Bb7 12.Nh4 O-O-O 13.Nf5 Bf8 14.d5 a6 15.Bxb6 Qxb6 16.Ne3 c5
17.f3 Nd7 18.a4 b4 19.Nc4 Qc7 20.Nd1 Be7 21.Nde3 Bg5 22.Qd3 g6 23.a5 Kb8
24.Ng2 Bf4 25.Kf2 h5 26.Nxf4 exf4 27.g5 Ne5 28.h4 Rc8 29.c3 b3 30.Rac1  0-1

[Event "Arab Games Blitz Men"]
[Site "Doha QAT"]
[Date "2011.12.10"]
[Round "6"]
[White "Tissir,M"]
[Black "Goutali,T"]
[Result "1-0"]
[WhiteElo "2413"]
[BlackElo "2327"]

1.e4 d6 2.d4 Nf6 3.Nc3 Nbd7 4.f4 e5 5.Nf3 exd4 6.Qxd4 c6 7.Be3 d5 8.exd5 Bc5
9.Qd3 Qe7 10.Nd4 Nxd5 11.Nxd5 cxd5 12.O-O-O Nf6 13.Kb1 O-O 14.f5 Ng4 15.Bg1 Re8
16.h3 Nf6 17.g4 Ne4 18.Bg2 Bd7 19.a3 Rac8 20.Bf3 a6 21.Rh2 Qh4 22.Bxe4 dxe4
23.Qb3 b5 24.Re2 e3 25.Rxe3 Rxe3 26.Qxe3 h6 27.Bf2 Qf6 28.Qd3 Be8 29.Qf3 Qb6
30.c3 a5 31.Qd5 b4 32.cxb4 axb4 33.axb4 Qxb4 34.Nc2 Rb8 35.Nxb4  1-0

[Event "Arab Games Blitz Men"]
[Site "Doha QAT"]
[Date "2011.12.10"]
[Round "8"]
[White "Najjar,A"]
[Black "Goutali,T"]
[Result "1-0"]
[WhiteElo "2274"]
[BlackElo "2327"]

1.d4 d6 2.e4 Nf6 3.Nc3 Nbd7 4.Nf3 e5 5.dxe5 dxe5 6.Bc4 Bb4 7.O-O c6 8.Bg5 h6
9.Bh4 O-O 10.Qe2 b5 11.Bb3 Be7 12.Bg3 Qc7 13.Rad1 Nh5 14.Rd2 Nxg3 15.hxg3 Nc5
16.Rfd1 a5 17.a3 Nxb3 18.cxb3 Be6 19.Rc1 Qb6 20.Nxe5 Bg5 21.b4 axb4 22.axb4 Bxd2
23.Qxd2 Rac8 24.Ne2 Rfd8 25.Qc3 Rd6 26.Nf4 Rcd8 27.Nxc6 Rd1+ 28.Kh2 Rxc1
29.Qxc1 Re8 30.f3 Bc4 31.Na5 Rc8 32.Qd2 Rd8 33.Nxc4 bxc4 34.Nd5 Qd6 35.Qd4 Kh8
36.Qxc4 Ra8 37.b5 Qg6 38.g4 Qg5 39.Kg3 h5 40.Qc6 h4+ 41.Kh3 Qd8 42.b6 Ra1
43.Kh2 Qg5 44.b7 Qe5+ 45.f4 Qxb2 46.Qc8+ Kh7 47.b8=Q Qf2 48.Qf5+ g6 49.Qxf7+ Kh6
50.Qh8+  1-0